000 00704nam a22002417a 4500
008 131115b xxu||||| |||| 00| 0 eng d
020 _a0199255431
041 _aeng
080 _a341
_x(094.4)
245 0 0 _aBlackstone's statutes on contract, tort & restitution :
_cedited by F.D. Rose.
300 _a601 f. :
_c22 cm.
490 _aBlackstone's statutes
500 _aEditor's preface : f. [XI]
505 _aIncludes index.
650 0 _aKotratat
_zAngli
650 0 _aKontratat
_zWales.
650 0 _aLigji
_zAngli
650 0 _aLigji
_zWales.
650 0 _aDëmshpërblimi
_zAngli.
650 0 _aDëmshpërblimi
_zWales.
700 _aRose, F. D.
_q(Francis D.)
942 _2udc
_cBK
999 _c335
_d335